Administración y estrategia (Registro nro. 2616)

Detalles MARC
000 -LEADER
fixed length control field 01073 a2200217 4500
001 - CONTROL NUMBER
control field 36145
005 - DATE AND TIME OF LATEST TRANSACTION
control field 20260407155638.0
008 - FIXED-LENGTH DATA ELEMENTS--GENERAL INFORMATION
fixed length control field 260407a1989 arg spa d
003 - CONTROL NUMBER IDENTIFIER
control field AR-UNSa-BCEJYS
040 ## - CATALOGING SOURCE
Original cataloging agency AR-UNSa-BCEJYS
Language of cataloging spa
Transcribing agency AR-UNSa-BCEJYS
080 ## - UNIVERSAL DECIMAL CLASSIFICATION NUMBER
Universal Decimal Classification number 658.012.2
Common auxiliary subdivision Planificación. Programas. Planes. Medidas de apoyo a la planificación( Administración estratégica...)
100 1# - MAIN ENTRY--PERSONAL NAME
Personal name Hermida, Jorge Alfredo
245 10 - TITLE STATEMENT
Title Administración y estrategia
Name of part/section of a work un enfoque competitivo y emprendedor - Casos
250 ## - EDITION STATEMENT
Edition statement 2a. ed
264 #1 - PRODUCTION, PUBLICATION, DISTRIBUTION, MANUFACTURE, AND COPYRIGHT NOTICE
Place of production, publication, distribution, manufacture Buenos Aires :
Name of producer, publisher, distributor, manufacturer Ediciones Macchi
Date of production, publication, distribution, manufacture, or copyright notice 1989
300 ## - PHYSICAL DESCRIPTION
Extent 351 p.
Dimensions 22 cm.
505 ## - FORMATTED CONTENTS NOTE
Formatted contents note 1. Planeamietno estrategico - 2. Formulación de estrategias - 3. Sistema Politico - 4. Protfolio análisis - 5. Decisiones y creatividad - 6. Análisis de competencia - 7. Análisis de consuidores - 8. Estructura - 9. Análisis de contexto - 10. Cultura - 11. Excelencia entrepreneurship e intrapreneurship - 12. Casos especiales de integración global.
590 ## - LOCAL NOTE (RLIN)
Local note niveau_biblio:m niveau_hierar:0
700 1# - ADDED ENTRY--PERSONAL NAME
Personal name Serra, Roberto
942 ## - ADDED ENTRY ELEMENTS (KOHA)
Koha item type
Existencias
Withdrawn status Lost status Damaged status Not for loan Home library Current library Shelving location Date acquired Total checkouts Full call number Barcode Date last seen Price effective from Koha item type
        Biblioteca Prof. Eusebio Cleto del Rey Biblioteca Prof. Eusebio Cleto del Rey   07/04/2026   658.012.2 H554 2ed. L53721 07/04/2026 07/04/2026 Libro